000 01288nam a2200373 a 4500
001 000004125
003 DO-SdBNP
005 20180323094707.0
007 000004125
008 090717s2006 dr a 000 0 spa d
020 _z999341039X
040 _aBPMSU
_bspa
_cBPMSU
082 4 _a923.27293
_bS211C, 2006
100 1 _aCassá, Roberto,
_e1942-
245 1 0 _aJuan Sánchez Ramírez :
_bcaudillo de la reconquista /
_cRoberto Cassá ; ilustración Ramiro Manzano.
250 _a2a ed.
260 _aSanto Domingo :
_bTobogán
_c2006.
300 _a47 p. :
_bil.
_c21 cm.
490 1 _aBiografías dominicanas Tobogán
504 _aIncluye bibliografía (p.47).
600 1 2 _aSÁNCHEZ RAMÍREZ, JUAN,
_y1762-1811
650 4 _aREVOLUCIONARIOS
_zREPÚBLICA DOMINICANA
_xBIOGRAFÍAS
651 4 _aREPÚBLICA DOMINICANA
_xBIOGRAFÍAS
651 4 _aREPÚBLICA DOMINICANA
_zHISTORIA
700 1 2 _aManzano, Ramiro,
_eil.
830 0 _aBiografías dominicanas Tobogan
910 _aValidado. Control de calidad MMOLINA
942 _2ddc
_cBK
945 _aInventariado, 2017/MFF
956 _aAVARGAS
_b10
_c20090717
_lBND01
_h0917
956 _aMFILETO
_b10
_c20090916
_lBND01
_h1030
956 _aMMOLINA
_b40
_c20090926
_lBND01
_h1228
956 _aMFILETO
_b40
_c20140509
_lBND01
_h1147
999 _c7403
_d7403